000 01037aab a2200217 4500
001 768714001
003 CO-MdFUSB
005 20240605144233.0
008 170509s1993 cr ||||| |||| 00| 0 spa d
022 _a1409-1968
040 _aCO-MdFUSB
_bspa
_cCO-MdFUSB
_dCO-MdFUSB
041 _aspa
100 1 _aDeiros, Pablo A. (Alberto) (1945-)
_eautor
245 1 0 _aUna guerra de mil años y las contradicciones de su teología
_c/ Pablo A. Deiros
300 _aVolumen 10. Número 5 (1993), páginas 32-34
_c: 27 cm.
520 _aDurante varios siglos, los cristianos ibéricos se vieron comprometidos en una encarnizada lucha por la recuperación de sus territorios perdidos en manos de los musulmanes. En este proceso la lucha armada estuvo teñida de un profundo contenido religioso. Se combatía por reconquistar la tierra y por afirmar la fe católica.
653 _aGuerra y teología
773 0 _tApuntes Pastorales
_049442
_960186
_gVolumen 10. Número 5 (1993), páginas 32-34
_qPágina 32
942 _cANA
945 _aJTF-925
999 _c49787
_d49787